000
00316nam a22001337a 4500
003
SGT
082
_a
SOM 512.02
100
_a
SOMASUNDARAM,R.M
245
_a
DISCRETE MATHEMATICS STRUCTURES
260
_a
NEW DELHI
_b
PHI
_c
2009
300
_a
271
650
_a
DISCRETE MATHEMATICS, MATHEMATICS
942
_2
ddc
_c
FPS
_0
5
999
_c
10238
_d
10238